<?xml version="1.0" encoding="UTF-8"?><?xml-stylesheet type="text/xsl" href="static/style.xsl"?><OAI-PMH xmlns="http://www.openarchives.org/OAI/2.0/" xmlns:xsi="http://www.w3.org/2001/XMLSchema-instance" xsi:schemaLocation="http://www.openarchives.org/OAI/2.0/ http://www.openarchives.org/OAI/2.0/OAI-PMH.xsd"><responseDate>2026-04-17T20:00:39Z</responseDate><request verb="GetRecord" identifier="oai:www.recercat.cat:2445/216397" metadataPrefix="marc">https://recercat.cat/oai/request</request><GetRecord><record><header><identifier>oai:recercat.cat:2445/216397</identifier><datestamp>2025-11-20T15:09:49Z</datestamp><setSpec>com_2072_1057</setSpec><setSpec>col_2072_478916</setSpec><setSpec>col_2072_478917</setSpec></header><metadata><record xmlns="http://www.loc.gov/MARC21/slim" xmlns:dcterms="http://purl.org/dc/terms/" xmlns:xsi="http://www.w3.org/2001/XMLSchema-instance" xmlns:doc="http://www.lyncode.com/xoai" xsi:schemaLocation="http://www.loc.gov/MARC21/slim http://www.loc.gov/standards/marcxml/schema/MARC21slim.xsd">
   <leader>00925njm 22002777a 4500</leader>
   <datafield ind2=" " ind1=" " tag="042">
      <subfield code="a">dc</subfield>
   </datafield>
   <datafield ind2=" " ind1=" " tag="720">
      <subfield code="a">Ferreres Riera, Jose Ramon</subfield>
      <subfield code="e">author</subfield>
   </datafield>
   <datafield ind2=" " ind1=" " tag="720">
      <subfield code="a">Molinero Caturla, J.</subfield>
      <subfield code="e">author</subfield>
   </datafield>
   <datafield ind2=" " ind1=" " tag="720">
      <subfield code="a">Sánchez Sánchez, J.</subfield>
      <subfield code="e">author</subfield>
   </datafield>
   <datafield ind2=" " ind1=" " tag="720">
      <subfield code="a">Gamissans, M.</subfield>
      <subfield code="e">author</subfield>
   </datafield>
   <datafield ind2=" " ind1=" " tag="720">
      <subfield code="a">Vinyals, A.</subfield>
      <subfield code="e">author</subfield>
   </datafield>
   <datafield ind2=" " ind1=" " tag="720">
      <subfield code="a">Bermejo, J.</subfield>
      <subfield code="e">author</subfield>
   </datafield>
   <datafield ind2=" " ind1=" " tag="720">
      <subfield code="a">Penín, R. M.</subfield>
      <subfield code="e">author</subfield>
   </datafield>
   <datafield ind2=" " ind1=" " tag="720">
      <subfield code="a">Fabra, À.</subfield>
      <subfield code="e">author</subfield>
   </datafield>
   <datafield ind2=" " ind1=" " tag="720">
      <subfield code="a">Marcoval Caus, Joaquim</subfield>
      <subfield code="e">author</subfield>
   </datafield>
   <datafield ind2=" " ind1=" " tag="260">
      <subfield code="c">2024-11-12T12:34:54Z</subfield>
   </datafield>
   <datafield ind2=" " ind1=" " tag="260">
      <subfield code="c">2024-11-12T12:34:54Z</subfield>
   </datafield>
   <datafield ind2=" " ind1=" " tag="260">
      <subfield code="c">2024-10-01</subfield>
   </datafield>
   <datafield ind2=" " ind1=" " tag="260">
      <subfield code="c">2024-11-05T11:26:54Z</subfield>
   </datafield>
   <datafield ind2=" " ind1=" " tag="520">
      <subfield code="a">Background: The location of cutaneous melanoma is associated with photoexposure. Objectives: To retrospectively analyze changes in the location of cutaneous melanoma over the past 30 years. Patients and methods: All patients treated at our hospital for cutaneous melanoma from 1988 through 2017 were prospectively collected. Data obtained in cases diagnosed from 1988 through June 2006 were compared to those diagnosed from July 2006 through 2017. Results: A total of 1,937 patients (876 men and 1061 women; median age, 57 years; interquartile range 27) were diagnosed with primary cutaneous melanoma. The location of melanoma was head and neck (470 cases), trunk (745 cases), upper limbs (239 cases), and lower limbs (483 cases). From July 2006 through 2017 we detected an increase in the incidence of head and neck melanomas (19.9% vs 28.6%, p &lt; 0.001). A drop in the incidence of melanomas located in the lower extremities was also seen in women (39.8% vs 30.4%, p &lt; 0.001), and in the trunk men (57.5% vs 47.3%, p = 0.003). In the multivariate analyses, only the decrease in melanomas located in lower extremities in women remained significant. Conclusion: The increased incidence of head and neck melanomas in both sexes and the decrease in trunk melanomas in men can be attributed to the aging of our population. The reduction in the incidence of melanomas in the lower extremities in women could be associated with changes in photoexposure patterns. Analyzing the factors possibly associated with these changes would contribute to better understanding the pathogenesis of cutaneous melanoma for prevention purposes. (c) 2024 AEDV. Published by Elsevier Espa &amp; ntilde;a, S.L.U.</subfield>
   </datafield>
   <datafield tag="653" ind2=" " ind1=" ">
      <subfield code="a">Melanoma</subfield>
   </datafield>
   <datafield tag="653" ind2=" " ind1=" ">
      <subfield code="a">Radiació ultraviolada</subfield>
   </datafield>
   <datafield tag="653" ind2=" " ind1=" ">
      <subfield code="a">Melanoma</subfield>
   </datafield>
   <datafield tag="653" ind2=" " ind1=" ">
      <subfield code="a">Ultraviolet radiation</subfield>
   </datafield>
   <datafield ind2="0" ind1="0" tag="245">
      <subfield code="a">Cambios en la localización del melanoma cutáneo en los últimos 30 años. Estudio observacional retrospectivo</subfield>
   </datafield>
</record></metadata></record></GetRecord></OAI-PMH>